Normal view
MARC view
Entry Personal Name
001 - CONTROL NUMBER
- control field: 83958
003 - CONTROL NUMBER IDENTIFIER
- control field: dpl
005 - DATE AND TIME OF LATEST TRANSACTION
- control field: 20250808110504.0
008 - FIXED-LENGTH DATA ELEMENTS
- fixed length control field: 250808|| aca||aabn | a|a d
040 ## - CATALOGING SOURCE
- Original cataloging agency: dpl
- Transcribing agency: dpl
100 ## - HEADING--PERSONAL NAME
- Personal name: ओझा ,एन.एन
670 ## - SOURCE DATA FOUND
- Source citation: Work cat.: (dpl)209829: बिहार शिक्षक भर्ती परीक्षाः, 2025
